Statistics for Cryptic Geography: British version

Click here to take the quiz!

General Stats

  • This quiz has been taken 37 times
  • The average score is 7 of 20

Answer Stats

ClueTown% Correct
North starboardSouthport
90%
Queen's city under funnelKingston upon Hull
71%
Father badlyMotherwell
68%
There GMHereford
58%
Short drinkin'Long Eaton
48%
Woman draughtsterManchester
45%
West spare groomEast Kilbride
42%
Lady's batMansfield
35%
Hot torrentColdstream
32%
DisinterBury
29%
Old milligramme lessNewtonmore
29%
Brain la snookerHartlepool
19%
SprinteyCrawley
16%
Satanic underlingHolyhead
16%
DucklandSwansea
16%
Go don't whistleHaltwhistle
13%
Clever eats rawDumfries
10%
Boy footMaidenhead
10%
Unfinished takenDungiven
6%
Slow open groundFleetwood
6%

Score Distribution

Percentile by Number Answered

Percent of People with Each Score

Your Score History

You have not taken this quiz